Alderney Estates Ltd v SoS Transport and another (Record no. 72309)

MARC details
000 -LEADER
fixed length control field 01395cam a2200241 4500
001 - CONTROL NUMBER
control field ABS66545
008 - FIXED-LENGTH DATA ELEMENTS--GENERAL INFORMATION
fixed length control field 030318n2003 000 0 eng u
035 ## - SYSTEM CONTROL NUMBER
System control number (Sirsi) u121648
245 ## - TITLE STATEMENT
Title Alderney Estates Ltd v SoS Transport and another
260 ## - PUBLICATION, DISTRIBUTION, ETC.
Date of publication, distribution, etc. 2003
490 ## - SERIES STATEMENT
Series statement Estates Gazette Case Summaries
Volume/sequential designation [2003] 10 EG 163 (CS)
490 ## - SERIES STATEMENT
Series statement Journal of Planning and Environment Law
Volume/sequential designation [2003] JPL 744-753(8)
520 ## - SUMMARY, ETC.
Summary, etc. CA, 21 February 2003. Appeal by the SoS against the judge's decision to overturn the SoS's refusal of planning permission for a residential development on a greenfield site. Planning permission was refused on the grounds that brownfield land should be developed before greenfield, in accordance with PPG3 para 32. The judge held that the SoS had misinterpreted para 32 which had to be read subject tothe para 34 guidance. The SoS appealed on the issue of the correct interpretation of para 32. "Held": appeal allowed on the grounds that it was for the decision maker in each individual case to attach the necessary weight to the para 34 consideration to provide sufficient housing land.
590 ## - LOCAL NOTE (RLIN)
Local note ABS
650 ## - SUBJECT ADDED ENTRY--TOPICAL TERM
Topical term or geographic name entry element PPG3
650 ## - SUBJECT ADDED ENTRY--TOPICAL TERM
Topical term or geographic name entry element GREENFIELD SITES
650 ## - SUBJECT ADDED ENTRY--TOPICAL TERM
Topical term or geographic name entry element ALDERNEY ESTATES V SOS TRANSPORT
650 ## - SUBJECT ADDED ENTRY--TOPICAL TERM
Topical term or geographic name entry element PLANNING PERMISSION
650 ## - SUBJECT ADDED ENTRY--TOPICAL TERM
Topical term or geographic name entry element BROWNFIELD LAND
650 ## - SUBJECT ADDED ENTRY--TOPICAL TERM
Topical term or geographic name entry element RESIDENTIAL DEVELOPMENT
690 ## - LOCAL SUBJECT ADDED ENTRY--TOPICAL TERM (OCLC, RLIN)
Topical term or geographic name as entry element Planning and development
9 (RLIN) 6259
942 ## - ADDED ENTRY ELEMENTS (KOHA)
Suppress in OPAC 0
Holdings
Withdrawn status Lost status Source of classification or shelving scheme Damaged status Not for loan Home library Current library Shelving location Date acquired Total Checkouts Full call number Barcode Date last seen Copy number Price effective from Koha item type
    Dewey Decimal Classification     London London Journal article 18/03/2003   ABS66545 121648-1001 06/08/2019 1 06/08/2019 Law report